000 00476nam a2200121 a 4500
008 120416s9999 xx |||||||||||||| || u
050 _aHB 171.5 Har
100 _aHarter, Lafayette G
245 1 0 _aWorking with introductory economics
246 _astudy guide to accompany economic response to a changing world
350 _a0.00
995 _D0.00
_FCBU-MAIN LIBRARY (Kitwe)
_H1
_I0.00
_UDAMAGED
_ZMain Library Open Access Collection
999 _c61955
_d61955